000 01456nam a22001577a 4500
999 _c524774
_d524774
008 240117b ||||| |||| 00| 0 eng d
100 _aSingh, N. B.
_948104
245 _aRecalibrating defence indigenisation
260 _aU.S.I. Journal
300 _a153(633), Jul-Sep, 2023: p.335-347
520 _aThe ‘Make in India’ initiative was launched by the Indian government to make India self-reliant in major weapon platforms. A number of enabling provisions were rolled out to provide the desired traction to Atma Nirbhar Bharat. An analysis of the ground covered indicates that systems reaching a stage of maturity are primarily those on which Defence Research and Development Organisation (DRDO) has put in sustained effort over a period. Platforms that are at various stages of induction are those having substantial, at times more than 50 per cent import content. This is bound to create critical vulnerabilities in any prolonged conflict. In pursuit of new acquisitions, the Do Nothing Syndrome for legacy systems aggravates conventional readiness, ushers hollowness, and puts the defence budget into a tailspin. The army ends up possessing thousands of platforms but only a fraction is truly fully mission capable.- Reproduced https://www.usiofindia.org/pdf/20231019144718.pdf
650 _a‘Make in India, Defence, Indigenisation, Atma Nirbhar Bharat, DRDO
_948105
773 _aU.S.I. Journal
906 _aDEFENCE
942 _cAR